| 000 | 00736nam a2200229Ii 4500 | ||
|---|---|---|---|
| 003 | JO-AjNU | ||
| 008 | 230606s9999||||xx |||||||||||||| ||und|| | ||
| 020 | _a1-85355-491-x | ||
| 040 |
_aJO-AjNU _beng _erda _cJO-AjNU |
||
| 041 | _aeng | ||
| 050 | 1 | 4 | _aHF5681 1995 |
| 100 | 3 |
_aChopping,David ؛ consultant: Len Skerratt, _eauthor _93397 |
|
| 245 | 0 | 0 | _aApplying Gaap 1994/1995: A Practical Guide to Financial Reporting |
| 250 | _a3 ed | ||
| 264 | 3 | 1 | _aEngland: Institute of Chartered Accountants,1995 |
| 300 |
_a614p _b Includes indexes(p603-614) |
||
| 336 |
_atext _btxt _2rdacontent |
||
| 337 |
_aunmediated _bn _2rdamedia |
||
| 338 |
_avolume _bnc _2rdacarrier |
||
| 490 | 0 | _aAccountancy books | |
| 650 | 4 |
_aApplying Gaap _93398 |
|
| 999 |
_aE1774 _c1774 _d1774 |
||